000 01324cam a2200277 4500
008 040318n2004 000 0 eng u
020 _a0471392464
035 _a(Sirsi) u125472
041 _aeng
050 _a715.2
_c22
100 _aTrowbridge, Peter
245 _aTrees in the urban landscape
_bsite assessment design and installation
260 _aHoboken New Jersey
_bWiley
_c2004
300 _axiv, 207p.
_bill.
_c26cm.
350 _a29.37
520 _aSets out the key tools for successful tree planting in urban landscapes. Provides guidance on: identifying limitations and opportunities of landscape; site assessment, soil remediation and plant selection; installing and maintaining urban plants; soil texture, compaction, PH and nutrients; spatial limitations, drainage and existing vegetation; and designing for biological diversity and visual similarity. Includes technical specifications, case studies and illustrations. Essential reading for those involved in landscape architecture, urban planning, urban design and aboriculture.
650 _aLANDSCAPING
650 _aURBAN TREES
650 _aTREE MAINTENANCE
650 _aURBAN PLANNING
650 _aTREE PLANTING
650 _aABORICULTURE
690 _aENVIRONMENTAL AND LAND CONSULTANCY
700 _aBassuk, Nina
942 _n0
999 _c103399
_d103399